| 000 | 00720cam a2200217 a 4500 | ||
|---|---|---|---|
| 020 | _a0070058296 (pbk.) | ||
| 020 | _a0070061076 (hc) | ||
| 040 | _cDLC | ||
| 082 | 0 | 0 | _a742 HIL 1996 A086 Or. |
| 100 | 1 | _aAronson, Billy. | |
| 245 | 1 | 0 | _aBetting on forever / |
| 260 |
_aNew York : _bMcGraw-Hill, _c1996. |
||
| 300 |
_a149 p. : _bill. ; _c23 cm. |
||
| 520 | _aStrange-looking creatures from the past gather in their ghostly forms for an Extinct Animal Reunion where they discuss potential dangers to life on the planet. | ||
| 650 | 1 | _aExtinct animals | |
| 650 | 1 | _aEcology | |
| 650 | 1 | _aWildlife conservation | |
| 700 | 1 | _aQuinn, John | |
| 856 | 4 | 1 | _uhttp://www.loc.gov/catdir/toc/mh022/96020646.html |
| 942 | _cEK | ||
| 999 |
_c12336 _d12336 |
||